000 00441nam a2200181Ia 4500
008 240510s9999 xx 000 0 und d
020 _a0009558425508
041 _asih
082 _a891.483
082 _bT54
100 _aTOLSTOY, Liyo (Translator : Amarasiri Ananda)
245 0 _aMan Mulawa (Happy ever After)
260 _bColombo : Sooriya Publishing
260 _c2002
300 _a154 p.
942 _2ddc
942 _cLBK
999 _c28332
_d28332
945 _a1
_bMadushi Gamage
_c1
_dMadushi Gamage